| 000 | 01150cam a2200277 a 4500 | ||
|---|---|---|---|
| 001 | eccentriclady00love | ||
| 003 | CaSfIA | ||
| 005 | 20210118003625.0 | ||
| 007 | cr|||| | ||
| 008 | 830602s1983 nyu 000 1 eng | ||
| 010 | _a 82051188 | ||
| 020 |
_a0802707270 : _c$11.95 |
||
| 035 | _a588369 | ||
| 040 |
_aBIBLIOS _dBIBLIOS _dCaSfIA |
||
| 050 | 0 |
_aPS3562.O857 _bE28 1983 |
|
| 082 | 0 |
_a813/.54 _219 |
|
| 100 | 1 | _aLovelace, Jane. | |
| 245 | 1 | 0 |
_aEccentric lady / _h[electronic resource] _cJane Lovelace. |
| 260 |
_aNew York : _bWalker, _c1983. |
||
| 300 |
_a187 p. ; _c22 cm. |
||
| 856 | 4 | 1 |
_uhttp://www.archive.org/details/eccentriclady00love _zFree eBook from the Internet Archive |
| 856 | 4 | 2 |
_uhttp://www.openlibrary.org/books/OL3508615M _zAdditional information and access via Open Library |
| 942 | _cEB | ||
| 506 | _fНеобхідна авторизація на https://archive.org/ (створення облікового запису безкоштовно) | ||
| 506 | _fНеобхідна авторизація на https://openlibrary.org/ (створення облікового запису безкоштовно) | ||
| 999 |
_c491294 _d491294 |
||